00494 2200181 4500001002100000005001500021008004100036020002200077035001900099041000700118082001000125090001600135100001900151245004900170260004200219300003700261650001400298INLIS00000000000708920241224113417241224||||||||| | ||| |||| || |  a978-602-9319-18-7 0010-1224007089 aid0 a634.4 a634.4 RAH p0 aRahmat Rukmana00aPanduan Budi Daya dan 19 Ragam Olahan Mangga aYogyakartabCahaya Atma Pustakac2011 a21x14,5 cm, vi, 118 hlm.; ilus.: 0aBudi Daya